Classical mechanics : (Record no. 4231)
[ view plain ]
| 000 -LEADER | |
|---|---|
| fixed length control field | 00584 a2200193 4500 |
| 010 ## - LCCN (DPL NO) | |
| LC control number | ENG-86219 |
| 020 ## - INTERNATIONAL STANDARD BOOK NUMBER | |
| International Standard Book Number | 9788120331266 |
| Terms of availability | 150.00 |
| 035 ## - SYSTEM CONTROL NUMBER | |
| System control number | EN-69752 |
| 037 ## - SOURCE OF ACQUISITION | |
| Source of stock number/acquisition | DBAD / PUB |
| 082 14 - DEWEY DECIMAL CLASSIFICATION NUMBER | |
| Classification number | 531 |
| 100 1# - MAIN ENTRY--PERSONAL NAME | |
| Personal name | Tiwari, R.N. |
| 245 1# - TITLE STATEMENT | |
| Title | Classical mechanics : |
| Statement of responsibility, etc | by R.D.Tiwari [and] B.S.Thakur |
| Remainder of title | analytical dynamics / |
| 260 ## - PUBLICATION, DISTRIBUTION, ETC. (IMPRINT) | |
| Place of publication, distribution, etc | New Delhi |
| Name of publisher, distributor, etc | Prentice-Hall of India |
| Date of publication, distribution, etc | 2007 |
| 270 ## - ADDRESS | |
| Address | M-97, Connaught Circus |
| City | New Delhi |
| Postal code | 110 001 |
| 300 ## - PHYSICAL DESCRIPTION | |
| Extent | xiv,174p. |
| Dimensions | 24cm(pbk) |
| 500 ## - GENERAL NOTE | |
| General note | Includes index |
| 700 ## - ADDED ENTRY--PERSONAL NAME | |
| Personal name | Thakur, B.S. |
| 942 ## - ADDED ENTRY ELEMENTS (KOHA) | |
| Institution code [OBSOLETE] | dpl |
| Item type | English Books |
| Source of classification or shelving scheme | Dewey Decimal Classification |
| Classification part | 531 |
| Call number suffix | TIW |
| Withdrawn status | Lost status | Not for loan | Collection code | Home library | Current library | Cost, normal purchase price | Full call number | Barcode | Copy number | Cost, replacement price | Koha item type |
|---|---|---|---|---|---|---|---|---|---|---|---|
| Not For Loan | Non-fiction | D.B.Act.Division | D.B.Act.Division | 150.00 | 531 TIW | EN-69752 | 1 | 150.00 | English Books |
